000 01088cab a2200289 4500
001 WB3014-104
008 090401t1994 xxu||||| |||| 00| 0 eng d
035 _a(Sirsi) u48363
041 _aeng
245 _aRoad schemes to go private
260 _c1994
350 _a0
490 _aSunday Times
_v3 April 1994, 1.5
490 _aFinancial Times
_v9 April 1994, 4
490 _aDepartment of Transport Press Notice
_v(119) 30 March 1994
490 _aCLA Press Release
_v(PUB/2098) 31 March 1994 (10)
520 _aFollowing the roads review, private firms may salvage new road schemes deemed too controversial or too expensive for government to complete. Up to 15 bypass and motorway improvement schemes are to be handed over to the private sector as shadow toll roads.
650 _aBYPASSES
650 _aMOTORWAYS
650 _aPRIVATE FINANCE
650 _aPRIVATE SECTOR
650 _aPROPERTY-INFRASTRUCTURE-TRANSPORT INFRASTRUCTURE-ROAD INFRASTRUCTURE
650 _aTOLL ROADS
690 _aTRANSPORT AND COMMUNICATIONS
942 _n0
948 _c04/03/1997
999 _c30381
_d30381